000
00310nam a22001217a 4500
008
160520b xxu||||| |||| 00| 0 eng d
020
_a
9780534535568
020
_a
0534535569
041
_a
eng
080
_a
316.77
245
_a
Media guide for interpersonal communication:
_c
Charles G. Apple;
942
_2
udc
_c
BK
999
_c
2317
_d
2317